Professor Johann Wilhelm Heinrich Schlecht
| Titel: | Professor Johann Wilhelm Heinrich Schlecht |
|---|---|
| Verfasser: | |
| In: |
Grofschoaftersch Häämtebärnla, Band 42 (1990), Seite 80-81, il. 1 alle Artikel anzeigen |
| Veröffentlicht: | 1990 |
| Format: | Aufsatz |
| Sprache: | Deutsch |
X
alg: 39453938 001A $01999:12-11-16 001B $01999:30-05-21 $t14:35:10.000 001D $01999:12-11-16 001U $0utf8 001X $00 002@ $0Aox 003@ $0394539389 007A $0394539389 $aHEB 007T $0Herdww016442 010@ $ager 011@ $a1990 021A $aProfessor Johann Wilhelm Heinrich Schlecht 028A $aWenzel $dGeorg 031A $d42 $h80-81, il. 1 $j1990 039B $aIn $8--Abvc--. Grofschoaftersch Häämtebärnla. - Lüdenscheid : Zentralstelle Grafschaft Glatz/Schlesien e.V., 1956-[2019] $x199000000420000920 $9047864346 045F $a929.094385 $eDDC23BSB 045F/01 $a929 045F/03 $g4385 045T $a7,41 $a8,1 lok: 39453938 78 exp: 39453938 78 1 #EPN 201B/01 $012-09-18 $t23:04:32.000 201U/01 $0utf8 203@/01 $0790649810 208@/01 $a12-11-16 $be 209A/01 $a/ $f000 $x00 220C/01 $aTitelaufnehmer: KS 220C/01 $aHerkunft: IH UWr 244Z/01 $2Trx $#Silesia $#Śląsk $#Sliezsko $#Slezsko $8--Trx--Schlesien $x01 $9391173987 244Z/01 $#Bad Altheide $#Starý Bor $72066401-1 $8--Tg1--Polanica-Zdrój $x02 $9043124577 244Z/01 $aGeschichte 1881-1953 $x03 244Z/01 $2Trx $8--Trx--Schlecht, Johann Wilhelm Heinrich$Z1881-1953 $x04 $9390583766 244Z/01 $2Trx $#arstid $#gydytojai $#physicians $#orvosok $#lekarze $#lekári $#lékaři $#Mediziner $8--Trx--Ärzte $x05 $9391359754 244Z/01 $2Trx $8--Trx--Zeitschriftenaufsatz $x06 $9391384341 245Z/01 $a12.03 $x01 247C/01 $82080>Marburg/Lahn, Herder-Institut, Forschungsbibliothek, Bibliographieportal $9336309341
| LEADER | 00000caa a22000002c 4500 | ||
|---|---|---|---|
| 001 | 394539389 | ||
| 003 | DE-603 | ||
| 005 | 20210530143510.0 | ||
| 007 | tu | ||
| 008 | 161112s1990 xx |||| | u00||u|ger c | ||
| 035 | |a (DE-599)HEB394539389 | ||
| 040 | |a DE-603 |b ger |c DE-603 |d DE-603 | ||
| 041 | |a ger | ||
| 082 | 0 | 4 | |8 1\u |a 929.094385 |q DE-101 |2 23/BSB |
| 084 | |a 7,41 |a 8,1 |2 ssgn | ||
| 085 | |8 1\u |b 929 | ||
| 085 | |8 1\u |z 2 |s 4385 | ||
| 100 | 1 | |a Wenzel, Georg | |
| 245 | 0 | 0 | |a Professor Johann Wilhelm Heinrich Schlecht |
| 264 | 0 | |c 1990 | |
| 773 | 0 | 8 | |i In |t Grofschoaftersch Häämtebärnla |d Lüdenscheid : Zentralstelle Grafschaft Glatz/Schlesien e.V., 1956-[2019] |g Band 42 (1990), Seite 80-81, il. 1 |w (DE-603)047864346 |w (DE-600)558553-3 |
| 924 | 0 | |9 2080 |a (DE-603)790649810 |b DE-2080 |c HES |d d |g / | |


